[Event "Budapest Karacsonyi op"]
[Site "Budapest"]
[Date "2017.12.27"]
[Round "1"]
[White "Csomor, Viktor"]
[Black "Karacsonyi, Kata"]
[Result "1-0"]
[WhiteElo "2063"]
[BlackElo "1740"]
[PlyCount "53"]
[EventDate "2017.12.27"]
[EventType "swiss"]
[EventRounds "7"]
[EventCountry "HUN"]
[SourceTitle "CBM 182 Extra"]
[Source "ChessBase"]
[SourceDate "2018.02.23"]
[SourceVersion "1"]
[SourceVersionDate "2018.02.23"]
[SourceQuality "1"]

1. d4 Nf6 2. c4 c5 3. d5 e6 4. Nc3 exd5 5. cxd5 d6 6. e4 g6 7. g3 Bg7 8. Bg2 0-0 9. Nge2 a6 10. a4 Re8 11. 0-0 Nbd7 12. f4 Rb8 13. Qd3 Qc7 14. b3 Nb6 15. Rb1 Bg4 16. h3 Bxe2 17. Nxe2 c4 18. Qc2 Qc5+ 19. Kh2 Qb4 20. Bd2 cxb3 21. Rxb3 Qxa4 22. Nc3 Rbc8 23. Qb2 Nc4 24. Nxa4 Ng4+ 25. hxg4 Bxb2 26. Rd1 Bf6 27. Rxb7 1-0

[Event "Budapest-chT1 Lilienthal 1314"]
[Site "Budapest"]
[Date "2014.02.23"]
[Round "8"]
[White "Csomor, Viktor"]
[Black "Gyurkovics, Miklos"]
[Result "1/2-1/2"]
[WhiteElo "2043"]
[BlackElo "2137"]
[PlyCount "94"]
[EventDate "2013.09.29"]
[EventType "team-tourn"]
[EventRounds "11"]
[EventCountry "HUN"]
[SourceTitle "EXT 2021"]
[Source "ChessBase"]
[SourceDate "2020.10.23"]
[SourceVersion "1"]
[SourceVersionDate "2020.10.23"]
[SourceQuality "1"]
[WhiteTeam "Csepel"]
[BlackTeam "Budapest Vasas II"]
[WhiteTeamCountry "HUN"]
[BlackTeamCountry "HUN"]

1. d4 d5 2. c4 e5 3. dxe5 d4 4. Nf3 Nc6 5. g3 Nge7 6. Bg2 Ng6 7. Bg5 Qd7 8. 0-0 h6 9. Bc1 Ngxe5 10. Nxe5 Nxe5 11. Qc2 Be7 12. Rd1 0-0 13. c5 Qg4 14. Bf4 d3 15. exd3 Nf3+ 16. Bxf3 Qxf3 17. Nd2 Qc6 18. d4 Bg4 19. Re1 Bf6 20. Be5 Rad8 21. Qe4 Bxe5 22. Qxe5 Bh3 23. Qe4 Rxd4 24. Qxc6 bxc6 25. Nb3 Rd3 26. Na5 Rb8 27. b3 Rb5 28. Nxc6 Rxc5 29. Rac1 Rxc1 30. Rxc1 Rd2 31. Nxa7 Rxa2 32. Nb5 c6 33. Nc3 Rb2 34. Rb1 Rc2 35. Nd1 c5 36. Ne3 Re2 37. Nd5 g5 38. b4 Rd2 39. Nf6+ Kg7 40. Ne4 Rc2 41. Nxc5 Bf5 42. Rd1 Bg4 43. Ra1 Rb2 44. Nd3 Rb3 45. Ne5 Be6 46. Nc6 Bd5 47. Rc1 Bxc6 1/2-1/2

[Event "HUN-chT2 Erkel 1112"]
[Site "Hungary"]
[Date "2012.05.20"]
[Round "11.2"]
[White "Csomor, Viktor"]
[Black "Gara, Gyorgy"]
[Result "0-1"]
[WhiteElo "2096"]
[BlackElo "2116"]
[PlyCount "53"]
[EventDate "2011.09.25"]
[EventType "team-tourn"]
[EventRounds "11"]
[EventCountry "HUN"]
[SourceTitle "EXT 2013"]
[Source "ChessBase"]
[SourceDate "2012.11.22"]
[SourceVersion "1"]
[SourceVersionDate "2012.11.22"]
[SourceQuality "1"]
[WhiteTeam "Dunaharaszti"]
[BlackTeam "Matra"]
[WhiteTeamCountry "HUN"]
[BlackTeamCountry "HUN"]

1. d4 e6 2. c4 f5 3. Nc3 Nf6 4. Nf3 Be7 5. g3 d6 6. Bg2 0-0 7. 0-0 Ne4 8. Qc2 Nxc3 9. Qxc3 a5 10. h4 h6 11. Re1 Nc6 12. d5 Bf6 13. Qb3 a4 14. Qc2 Nb4 15. Qd2 Na6 16. dxe6 Bxe6 17. Nd4 Bxc4 18. Bxb7 Nc5 19. Bxa8 Qxa8 20. Qc2 Bd5 21. Rd1 Be5 22. Nxf5 Be4 23. Qc4+ Kh8 24. Ne3 Qc8 25. f3 Qh3 26. Ng4 Qxg3+ 27. Kh1 0-1

[Event "HUN-chT U18"]
[Site "Miskolc"]
[Date "2011.11.06"]
[Round "8.2"]
[White "Csomor, Viktor"]
[Black "Medve, Mark"]
[Result "1/2-1/2"]
[WhiteElo "2096"]
[BlackElo "1689"]
[PlyCount "57"]
[EventDate "2011.11.02"]
[EventType "team-swiss"]
[EventRounds "8"]
[EventCountry "HUN"]
[SourceTitle "EXT 2012"]
[Source "ChessBase"]
[SourceDate "2011.11.24"]
[SourceVersion "1"]
[SourceVersionDate "2011.11.24"]
[SourceQuality "1"]
[WhiteTeam "Csepel"]
[BlackTeam "BEAC"]
[WhiteTeamCountry "HUN"]
[BlackTeamCountry "HUN"]

1. d4 Nf6 2. c4 c5 3. e3 e6 4. Nf3 d5 5. Nc3 Nc6 6. cxd5 exd5 7. Bb5 a6 8. Bxc6+ bxc6 9. 0-0 Bd6 10. h3 0-0 11. Qc2 Qc7 12. b3 cxd4 13. exd4 a5 14. Bg5 Nh5 15. Rac1 Ra7 16. Na4 Ba6 17. Rfe1 h6 18. Bd2 Nf4 19. Bxf4 Bxf4 20. Rcd1 Bd6 21. Nc5 Raa8 22. Ne5 Rfe8 23. Nxa6 Rxa6 24. Nd3 Raa8 25. Rc1 Rxe1+ 26. Rxe1 Qb6 27. Ne5 Bxe5 28. dxe5 c5 29. Rc1 1/2-1/2

[Event "HUN-chT U18"]
[Site "Miskolc"]
[Date "2011.11.05"]
[Round "6.2"]
[White "Csomor, Viktor"]
[Black "Bodi, Tibor"]
[Result "0-1"]
[WhiteElo "2096"]
[BlackElo "2101"]
[PlyCount "118"]
[EventDate "2011.11.02"]
[EventType "team-swiss"]
[EventRounds "8"]
[EventCountry "HUN"]
[SourceTitle "EXT 2012"]
[Source "ChessBase"]
[SourceDate "2011.11.24"]
[SourceVersion "1"]
[SourceVersionDate "2011.11.24"]
[SourceQuality "1"]
[WhiteTeam "Csepel"]
[BlackTeam "Kobanya Aquarena"]
[WhiteTeamCountry "HUN"]
[BlackTeamCountry "HUN"]

1. d4 f5 2. e4 fxe4 3. Nc3 Nf6 4. Bg5 Nc6 5. d5 Ne5 6. Bxf6 exf6 7. Nxe4 d6 8. Be2 Be7 9. Nf3 0-0 10. 0-0 f5 11. Ng3 Nxf3+ 12. Bxf3 g6 13. c4 Bf6 14. Qb3 a5 15. Rad1 a4 16. Qc2 Bd7 17. Rfe1 b6 18. Ne2 Be5 19. Nc1 Qf6 20. Nd3 Rae8 21. Nxe5 Rxe5 22. Rxe5 Qxe5 23. Qe2 Re8 24. Qxe5 Rxe5 25. Kf1 Kf7 26. b4 g5 27. Rd3 b5 28. c5 dxc5 29. bxc5 b4 30. c6 Bc8 31. Bh5+ Ke7 32. f4 gxf4 33. Rd4 Re4 34. Rd2 Kd6 35. Bf3 Rc4 36. Be2 Rc1+ 37. Kf2 Rc3 38. Bd1 Ra3 39. Be2 Ke5 40. Bc4 Kd6 41. Bd3 b3 42. Bc4 Kc5 43. axb3 axb3 44. Bd3 Ra2 45. Ke2 h6 46. Kd1 Rxd2+ 47. Kxd2 Kxd5 48. Kc3 Kxc6 49. Kxb3 Be6+ 50. Kc3 Bd5 51. Bxf5 Bxg2 52. Kd4 Kd6 53. h4 c5+ 54. Kc4 Bd5+ 55. Kd3 Ke5 56. Bg4 c4+ 57. Kc3 Ke4 58. Bh3 Ke3 59. Bf1 Kf2 0-1

[Event "Budapest FS03 FM-A"]
[Site "Budapest"]
[Date "2011.03.13"]
[Round "9"]
[White "Mayer, Istvan"]
[Black "Csomor, Viktor"]
[Result "0-1"]
[WhiteElo "2023"]
[BlackElo "2081"]
[PlyCount "120"]
[EventDate "2011.03.05"]
[EventType "tourn"]
[EventRounds "11"]
[EventCountry "HUN"]
[SourceTitle "CBM 141 Extra"]
[Source "ChessBase"]
[SourceDate "2011.05.03"]
[SourceVersion "1"]
[SourceVersionDate "2011.05.03"]
[SourceQuality "1"]

1. e4 e6 2. d4 d5 3. exd5 exd5 4. Bd3 c5 5. Ne2 c4 6. 0-0 cxd3 7. Qxd3 Bd6 8. Nf4 Ne7 9. Nc3 0-0 10. Nb5 Bf5 11. Qb3 Nbc6 12. c3 a6 13. Nxd6 Qxd6 14. Qb6 Ng6 15. Nh5 Rfe8 16. Ng3 Bd3 17. Rd1 Bc2 18. Rf1 a5 19. Be3 Nh4 20. Rfc1 Bg6 21. b4 Qd7 22. Bg5 Nf5 23. Nf1 axb4 24. cxb4 Nfxd4 25. Ng3 Qg4 26. Be3 Ne2+ 27. Nxe2 Qxe2 28. Qxb7 d4 29. Re1 Qc4 30. Rac1 Bc2 31. Bd2 h6 32. b5 Nb4 33. Re7 Reb8 34. Qf3 Rf8 35. b6 Nd5 36. b7 Rab8 37. Re5 Nc7 38. Qg3 Kh7 39. Qa3 Ne6 40. Qe7 Rbe8 41. Qh4 Qd3 42. Bb4 Rg8 43. a3 Qg6 44. Bd6 Ng5 45. Qg3 Qxd6 46. Rxe8 Qxg3 47. hxg3 Rxe8 48. Rxc2 Re1+ 49. Kh2 Rb1 50. Rc4 Rxb7 51. Rxd4 Ra7 52. a4 Ne6 53. Rc4 Ra5 54. g4 Rd5 55. f4 g6 56. Rb4 Ra5 57. g3 Kg7 58. Kg2 Nc5 59. Rb5 Rxb5 60. axb5 Kf8 0-1

[Event "Budapest FS03 FM-A"]
[Site "Budapest"]
[Date "2011.03.08"]
[Round "4"]
[White "Csomor, Viktor"]
[Black "Schenkerik, Csaba"]
[Result "1-0"]
[WhiteElo "2081"]
[BlackElo "2136"]
[PlyCount "79"]
[EventDate "2011.03.05"]
[EventType "tourn"]
[EventRounds "11"]
[EventCountry "HUN"]
[SourceTitle "CBM 141 Extra"]
[Source "ChessBase"]
[SourceDate "2011.05.03"]
[SourceVersion "1"]
[SourceVersionDate "2011.05.03"]
[SourceQuality "1"]

1. d4 g6 2. c4 Bg7 3. Nc3 d6 4. e4 Nf6 5. Nge2 0-0 6. Ng3 c6 7. Be2 a6 8. a4 a5 9. h4 h5 10. Be3 Qb6 11. Qd2 Ng4 12. Bxg4 Bxg4 13. 0-0 Na6 14. f3 Bd7 15. Rad1 Qb3 16. Bh6 f6 17. Bxg7 Kxg7 18. e5 dxe5 19. dxe5 Be6 20. exf6+ exf6 21. Rfe1 Rad8 22. Qe3 Rxd1 23. Rxd1 Re8 24. Nge4 Re7 25. Qd4 Rf7 26. Ng5 Qxc4 27. Qxc4 Bxc4 28. Nxf7 Bxf7 29. Ne4 Bd5 30. Nc3 Be6 31. Rd8 Kf7 32. Ne4 Ke7 33. Rh8 Bf7 34. Rh7 Ke6 35. Kf2 b6 36. Nd6 Bg8 37. Rg7 Kxd6 38. Rxg8 Nc5 39. Rxg6 Ke6 40. g4 1-0

[Event "Budapest FS03 FM-A"]
[Site "Budapest"]
[Date "2011.03.05"]
[Round "1"]
[White "Tessedik, Karoly"]
[Black "Csomor, Viktor"]
[Result "1/2-1/2"]
[WhiteElo "1883"]
[BlackElo "2081"]
[PlyCount "116"]
[EventDate "2011.03.05"]
[EventType "tourn"]
[EventRounds "11"]
[EventCountry "HUN"]
[SourceTitle "CBM 141 Extra"]
[Source "ChessBase"]
[SourceDate "2011.05.03"]
[SourceVersion "1"]
[SourceVersionDate "2011.05.03"]
[SourceQuality "1"]

1. d4 d5 2. c4 e6 3. Nc3 c6 4. cxd5 exd5 5. g3 Nf6 6. Bg2 Bd6 7. Nh3 0-0 8. 0-0 Re8 9. Nf4 Bf5 10. Re1 Ne4 11. f3 Ng5 12. e4 dxe4 13. fxe4 Bd7 14. Be3 Qc8 15. e5 Bf8 16. Rc1 Bg4 17. Qb3 Nf3+ 18. Bxf3 Bxf3 19. Rf1 Bg4 20. Ne4 h6 21. Nf2 Bf5 22. h3 Nd7 23. g4 Bh7 24. Rce1 c5 25. Qd5 Nb6 26. Qf3 Nc4 27. e6 fxe6 28. d5 Nxe3 29. Rxe3 exd5 30. Qxd5+ Kh8 31. Rfe1 Rxe3 32. Rxe3 Qc6 33. Qf7 Qf6 34. Qxf6 gxf6 35. Nh5 Bg6 36. Nxf6 Bg7 37. N6e4 Bd4 38. Re2 Re8 39. Kf1 Rf8 40. Kg2 Re8 41. Kf1 Bf7 42. Nd6 Rxe2 43. Nxf7+ Kg7 44. Kxe2 Kxf7 45. Ne4 Ke6 46. b3 b6 47. Ng3 Be5 48. Ne4 Kd5 49. Kd3 b5 50. Nd2 Bf4 51. Nf3 c4+ 52. bxc4+ bxc4+ 53. Kc3 Bc7 54. Nh4 Be5+ 55. Kc2 Ke4 56. Nf5 h5 57. Ne7 h4 58. Nc6 Bf6 1/2-1/2

[Event "Budapest FS12 FM-A"]
[Site "Budapest"]
[Date "2010.12.13"]
[Round "10"]
[White "Koczo, Kristof"]
[Black "Csomor, Viktor"]
[Result "1-0"]
[WhiteElo "2187"]
[BlackElo "2084"]
[PlyCount "73"]
[EventDate "2010.12.04"]
[EventType "tourn"]
[EventRounds "11"]
[EventCountry "HUN"]
[SourceTitle "CBM 139 Extra"]
[Source "ChessBase"]
[SourceDate "2011.01.05"]
[SourceVersion "1"]
[SourceVersionDate "2011.01.05"]
[SourceQuality "1"]

1. d4 d5 2. Nf3 c6 3. c4 e6 4. e3 Nf6 5. Nc3 Nbd7 6. Qc2 Bd6 7. b3 0-0 8. Bd3 e5 9. cxd5 cxd5 10. dxe5 Nxe5 11. Nxe5 Bxe5 12. Bb2 Bg4 13. h3 Be6 14. f4 Bd6 15. 0-0-0 Rc8 16. g4 d4 17. exd4 Bxf4+ 18. Kb1 Nd5 19. Bxh7+ Kh8 20. Be4 Ne3 21. Qf2 Nxd1 22. Rxd1 Qg5 23. h4 Qa5 24. Qxf4 Rxc3 25. Bxc3 Qxc3 26. Qg5 Kg8 27. d5 Bd7 28. Rc1 Qd4 29. Qf4 f5 30. gxf5 Bxf5 31. Re1 Qc3 32. Rd1 Qb4 33. Qxf5 Rxf5 34. Bxf5 Qd6 35. h5 a5 36. Bg6 Qg3 37. d6 1-0

[Event "Budapest FS12 FM-A"]
[Site "Budapest"]
[Date "2010.12.11"]
[Round "8"]
[White "Borda, Lajos"]
[Black "Csomor, Viktor"]
[Result "1/2-1/2"]
[WhiteElo "2127"]
[BlackElo "2084"]
[PlyCount "38"]
[EventDate "2010.12.04"]
[EventType "tourn"]
[EventRounds "11"]
[EventCountry "HUN"]
[SourceTitle "CBM 139 Extra"]
[Source "ChessBase"]
[SourceDate "2011.01.05"]
[SourceVersion "1"]
[SourceVersionDate "2011.01.05"]
[SourceQuality "1"]

1. e4 e6 2. d4 d5 3. e5 c5 4. c3 Nc6 5. Nf3 Nge7 6. Bd3 cxd4 7. cxd4 Nf5 8. Bxf5 exf5 9. 0-0 Be7 10. Nc3 Be6 11. Ne1 g5 12. f4 g4 13. Be3 Rc8 14. Rc1 0-0 15. Nd3 Na5 16. b3 Nc6 17. Na4 b6 18. Qd2 Qd7 19. Qb2 Nb4 1/2-1/2

[Event "Budapest FS12 FM-A"]
[Site "Budapest"]
[Date "2010.12.08"]
[Round "5"]
[White "Csomor, Viktor"]
[Black "Grimm, Daniel"]
[Result "1-0"]
[WhiteElo "2084"]
[BlackElo "1912"]
[PlyCount "113"]
[EventDate "2010.12.04"]
[EventType "tourn"]
[EventRounds "11"]
[EventCountry "HUN"]
[SourceTitle "CBM 139 Extra"]
[Source "ChessBase"]
[SourceDate "2011.01.05"]
[SourceVersion "1"]
[SourceVersionDate "2011.01.05"]
[SourceQuality "1"]

1. d4 Nf6 2. c4 g6 3. Nc3 Bg7 4. e4 0-0 5. Nge2 d6 6. Ng3 e5 7. d5 c6 8. Be2 cxd5 9. cxd5 a6 10. Be3 Ne8 11. Qd2 b5 12. h4 h5 13. Bg5 f6 14. Be3 Nd7 15. b4 Nb6 16. a4 Nxa4 17. Nxa4 bxa4 18. Rxa4 Nc7 19. Ra5 Rb8 20. 0-0 Nb5 21. Bxb5 Rxb5 22. Rxb5 axb5 23. Ra1 f5 24. Bg5 Qe8 25. Ra7 Rf7 26. Ra8 f4 27. Qc2 Rf8 28. Ne2 f3 29. gxf3 Qd7 30. Qc6 Qh3 31. Ng3 Kh7 32. Qc3 Qd7 33. Qc6 Qh3 34. Qc3 Qd7 35. Qe3 Qc7 36. Ra7 Bb7 37. Qd3 Qb6 38. Ra5 Qd4 39. Qxd4 exd4 40. Ra7 Rf7 41. Ra3 Rc7 42. Ne2 Rc4 43. Rb3 Bc8 44. Kg2 Rc2 45. Nf4 Ra2 46. Nd3 Ra7 47. Bc1 Ra6 48. Ra3 Bf6 49. Rxa6 Bxa6 50. Kg3 Kg7 51. f4 Kf7 52. Kf3 Bb7 53. Kg3 Bg7 54. Bb2 Ke7 55. Nc1 Kd7 56. Nb3 Ke7 57. Bxd4 1-0

[Event "Budapest FS12 FM-A"]
[Site "Budapest"]
[Date "2010.12.05"]
[Round "2"]
[White "Schenkerik, Csaba"]
[Black "Csomor, Viktor"]
[Result "1/2-1/2"]
[WhiteElo "2127"]
[BlackElo "2084"]
[PlyCount "63"]
[EventDate "2010.12.04"]
[EventType "tourn"]
[EventRounds "11"]
[EventCountry "HUN"]
[SourceTitle "CBM 139 Extra"]
[Source "ChessBase"]
[SourceDate "2011.01.05"]
[SourceVersion "1"]
[SourceVersionDate "2011.01.05"]
[SourceQuality "1"]

1. e4 e6 2. d4 d5 3. Nd2 c5 4. exd5 exd5 5. Ngf3 Nc6 6. Bb5 Bd6 7. dxc5 Bxc5 8. 0-0 Nge7 9. Nb3 Bd6 10. Bg5 0-0 11. c3 Bg4 12. Bh4 Qc7 13. Bg3 Bxg3 14. hxg3 Rad8 15. Be2 Qb6 16. Nfd4 Bxe2 17. Qxe2 Ng6 18. Rfe1 Nce5 19. Nf5 Nc4 20. Rab1 Nd6 21. Nxd6 Qxd6 22. Nd4 Qd7 23. Qb5 Qxb5 24. Nxb5 a6 25. Nd4 Rfe8 26. Rbd1 Ne5 27. Nf5 Kf8 28. Ne3 Nc4 29. Nxc4 Rxe1+ 30. Rxe1 dxc4 31. Kf1 Rd2 32. Re2 1/2-1/2

[Event "Budapest FS12 FM-A"]
[Site "Budapest"]
[Date "2010.12.04"]
[Round "1"]
[White "Csomor, Viktor"]
[Black "Letay, Gyula"]
[Result "1-0"]
[WhiteElo "2084"]
[BlackElo "2089"]
[PlyCount "135"]
[EventDate "2010.12.04"]
[EventType "tourn"]
[EventRounds "11"]
[EventCountry "HUN"]
[SourceTitle "CBM 139 Extra"]
[Source "ChessBase"]
[SourceDate "2011.01.05"]
[SourceVersion "1"]
[SourceVersionDate "2011.01.05"]
[SourceQuality "1"]

1. d4 d5 2. c4 e6 3. Nc3 Nf6 4. Bg5 Be7 5. e3 0-0 6. Nf3 h6 7. Bh4 b6 8. cxd5 Nxd5 9. Bxe7 Qxe7 10. Nxd5 exd5 11. Bd3 Be6 12. 0-0 c5 13. dxc5 bxc5 14. Rc1 Rc8 15. Nd2 Nd7 16. e4 Ne5 17. Bb1 d4 18. h3 f6 19. f4 Nd7 20. Nf3 a5 21. Qc2 Nf8 22. e5 f5 23. b3 a4 24. Nd2 axb3 25. axb3 Qc7 26. Nc4 Rcb8 27. Nd6 Rxb3 28. Qxc5 Qxc5 29. Rxc5 d3 30. Rb5 Rc3 31. Rb4 Nd7 32. Nb5 Rc4 33. Rxc4 Bxc4 34. Nd6 Ba6 35. e6 Nf6 36. e7 Rb8 37. Rd1 Ne8 38. Nxf5 Kf7 39. Bxd3 Bxd3 40. Rxd3 Rb5 41. g4 h5 42. Rd8 Rb4 43. Rxe8 Kxe8 44. Nxg7+ Kxe7 45. Nxh5 Rb2 46. Ng3 Kf6 47. h4 Kf7 48. h5 Rb4 49. Ne2 Ra4 50. Kf2 Kf6 51. Kf3 Ra3+ 52. Ke4 Ra1 53. g5+ Kg7 54. Kf5 Ra5+ 55. Kg4 Ra4 56. Ng3 Rb4 57. Nf5+ Kf7 58. g6+ Kf6 59. Ne3 Rb5 60. Kh4 Rb7 61. Kg4 Rb5 62. Nc4 Rb1 63. Ne5 Rg1+ 64. Kf3 Rh1 65. h6 Rh3+ 66. Ke4 Rh1 67. g7 Rg1 68. Kf3 1-0

[Event "Budapest-chT1 Lilienthal 1011"]
[Site "Budapest"]
[Date "2010.11.28"]
[Round "5"]
[White "Gyurkovics, Miklos"]
[Black "Csomor, Viktor"]
[Result "1-0"]
[WhiteElo "2109"]
[BlackElo "2050"]
[PlyCount "81"]
[EventDate "2010.09.19"]
[EventType "team-tourn"]
[EventRounds "11"]
[EventCountry "HUN"]
[SourceTitle "EXT 2020"]
[Source "ChessBase"]
[SourceDate "2019.10.17"]
[SourceVersion "1"]
[SourceVersionDate "2019.10.17"]
[SourceQuality "1"]
[WhiteTeam "Budapest Vasas II"]
[BlackTeam "Csepel"]
[WhiteTeamCountry "HUN"]
[BlackTeamCountry "HUN"]

1. c4 e6 2. Nf3 d5 3. b3 Nf6 4. Bb2 c6 5. e3 Bd6 6. g4 0-0 7. g5 Ne4 8. h4 Qe7 9. d3 Bb4+ 10. Ke2 Nd6 11. a3 Ba5 12. Bh3 c5 13. Qg1 Nc6 14. Bf6 Qe8 15. Nbd2 Bd8 16. Qg3 Be7 17. Rac1 dxc4 18. bxc4 Nf5 19. Bxf5 exf5 20. Ba1 Qd7 21. Nb1 Rd8 22. Rcd1 Bd6 23. Qg2 b6 24. Nc3 Bb7 25. Nd5 Qe6 26. g6 Nd4+ 27. Kf1 fxg6 28. Ng5 Bxd5 29. cxd5 Qe5 30. exd4 cxd4 31. Ne6 Bxa3 32. Nxd8 Rxd8 33. Qf3 Bb4 34. Rc1 h6 35. Rc6 Rd6 36. Kg2 Kh7 37. h5 g5 38. Bxd4 Qxd5 39. Rxd6 Qxd6 40. Qxf5+ Kg8 41. Rc1 1-0

[Event "HUN-chT U18"]
[Site "Miskolc"]
[Date "2010.11.05"]
[Round "6.6"]
[White "Csomor, Viktor"]
[Black "Runda, Mate Bence"]
[Result "0-1"]
[WhiteElo "2084"]
[BlackElo "1890"]
[PlyCount "92"]
[EventDate "2010.11.02"]
[EventType "team-swiss"]
[EventRounds "8"]
[EventCountry "HUN"]
[SourceTitle "EXT 2016"]
[Source "ChessBase"]
[SourceDate "2015.10.08"]
[SourceVersion "1"]
[SourceVersionDate "2015.10.08"]
[SourceQuality "1"]

1. d4 e6 2. c4 d5 3. Nc3 Nf6 4. Bg5 Be7 5. e3 h6 6. Bh4 0-0 7. Nf3 b6 8. cxd5 exd5 9. Bd3 Bb7 10. 0-0 Nbd7 11. Rc1 a6 12. Re1 Re8 13. Bg3 Nh5 14. Be5 Nhf6 15. Bb1 Bb4 16. a3 Bxc3 17. Rxc3 Nxe5 18. Nxe5 c5 19. Ng4 Nxg4 20. Qxg4 Bc8 21. Qf4 c4 22. e4 b5 23. Rg3 Qb6 24. e5 a5 25. Qd2 b4 26. Qc2 g6 27. Qd2 Kg7 28. f4 Kh7 29. f5 Bxf5 30. Bxf5 gxf5 31. Qf4 Qe6 32. Rf1 Rg8 33. Rxg8 Rxg8 34. Qxf5+ Qxf5 35. Rxf5 Kg6 36. Rf6+ Kg7 37. axb4 axb4 38. Rb6 b3 39. Rb5 Ra8 40. Kf2 Ra2 41. Rxd5 Rxb2+ 42. Ke3 Rc2 43. Rb5 b2 44. d5 c3 45. d6 Rd2 46. Rb3 Rd1 0-1

[Event "HUN-chT U18"]
[Site "Miskolc"]
[Date "2010.11.04"]
[Round "5.8"]
[White "Valyi, Blanka Borbala"]
[Black "Csomor, Viktor"]
[Result "1/2-1/2"]
[WhiteElo "1648"]
[BlackElo "2084"]
[PlyCount "110"]
[EventDate "2010.11.02"]
[EventType "team-swiss"]
[EventRounds "8"]
[EventCountry "HUN"]
[SourceTitle "EXT 2016"]
[Source "ChessBase"]
[SourceDate "2015.10.08"]
[SourceVersion "1"]
[SourceVersionDate "2015.10.08"]
[SourceQuality "1"]

1. d4 d5 2. Nf3 e6 3. c4 c6 4. Qc2 Nf6 5. g3 Bd6 6. Bg2 0-0 7. 0-0 Nbd7 8. Nbd2 b6 9. e4 dxe4 10. Nxe4 Be7 11. Ne5 Bb7 12. Nxf6+ Bxf6 13. Nxc6 Bxc6 14. Bxc6 Rc8 15. Be4 Bxd4 16. Bxh7+ Kh8 17. Be4 Qc7 18. Qe2 Nf6 19. Bd3 Qe5 20. Qxe5 Bxe5 21. f3 Rfd8 22. Be2 Ne8 23. Rb1 Nd6 24. b3 Bd4+ 25. Kg2 e5 26. Bd3 Nb7 27. f4 f6 28. fxe5 Bxe5 29. Bf5 Rc6 30. Be4 Rc7 31. Bxb7 Rxb7 32. Bf4 Rbd7 33. Rbe1 Bc3 34. Re2 g5 35. Bc1 Kg7 36. Rf3 Bd4 37. Be3 Re7 38. Rd2 Red7 39. Rxd4 Rxd4 40. Bxd4 Rxd4 41. Rf2 Kf7 42. Re2 Rd3 43. h3 a5 44. Kf2 a4 45. bxa4 Rc3 46. Re4 Rc2+ 47. Re2 Rxc4 48. Rb2 Rxa4 49. Rxb6 Rxa2+ 50. Kf3 Kg6 51. g4 Ra3+ 52. Kg2 Kf7 53. Kh2 Ke7 54. Kg2 Re3 55. Ra6 Kf7 1/2-1/2

[Event "Harkany Tenkes Cup 33rd"]
[Site "Harkany"]
[Date "2009.12.03"]
[Round "8"]
[White "Csomor, Viktor"]
[Black "Dankhazi, Andras"]
[Result "1/2-1/2"]
[WhiteElo "2026"]
[BlackElo "1978"]
[PlyCount "66"]
[EventDate "2009.11.26"]
[EventType "swiss"]
[EventRounds "9"]
[EventCountry "HUN"]
[SourceTitle "EXT 2011"]
[Source "ChessBase"]
[SourceDate "2010.11.26"]
[SourceVersion "1"]
[SourceVersionDate "2010.11.26"]
[SourceQuality "1"]

1. d4 e6 2. c4 d5 3. Nc3 Be7 4. Nf3 Nf6 5. Bg5 0-0 6. e3 Nbd7 7. cxd5 exd5 8. Bd3 c6 9. 0-0 Re8 10. Qc2 Nf8 11. Ne5 Ng4 12. Bxe7 Qxe7 13. Nxg4 Bxg4 14. h3 Bh5 15. Rab1 Bg6 16. b4 a6 17. a4 Bxd3 18. Qxd3 Qg5 19. b5 axb5 20. axb5 Ng6 21. f4 Qe7 22. bxc6 bxc6 23. Nd1 Ra2 24. Rf2 Rxf2 25. Kxf2 Qh4+ 26. Kf1 Nxf4 27. Qc2 Nh5 28. Qxc6 Ng3+ 29. Kg1 Ne2+ 30. Kf1 Ng3+ 31. Kg1 Ne2+ 32. Kf1 Ng3+ 33. Kg1 Ne2+ 1/2-1/2